Public speaking and presentations demystified

Bibliographic Details
Main Author: Templeton, Melody
Format: Book
Published: New York : McGraw Hill Companies Inc. , 2010
Series:Demystified series
Subjects:

MARC

LEADER 00000cam a2200000 7i4500
001 0000137558
005 20101018.0
020 |a 007160121X 
020 |a 9780071601214 
090 0 0 |a 808.51   |b TEM 
100 1 |a Templeton, Melody 
245 1 0 |a Public speaking and presentations demystified   |c Melody Templeton 
260 |a New York :   |b McGraw Hill Companies Inc. ,   |c 2010 
300 |a 259p. ;   |c 23cm. 
490 0 |a Demystified series 
650 0 0 |a Oral communication 
650 0 0 |a Public Speaking 
999 |a 00240188   |b BUKU   |c PINJAMAN   |e PERPUSTAKAAN KOMUNITI PETALING JAYA